Las confesiones /

Detalles Bibliográficos
Autor principal: Rousseau, Jean-Jacques, 1712-1778 (Autor)
Otros Autores: Zalamea, Jorge, 1905-1969 (contributor agent of text.)
Formato: Electrónico eBook
Lenguaje:español
francés
Publicado: Ciudad de México : Océano, [2016]
Edición:Primera edición en libro electrónico.
Materias:
Acceso en línea:Digitalia Hispánica

MARC

LEADER 00000nam a2200000Ii 4500
001 DIGOCEANO0023
003 NyNyDIG
006 m o d
007 cr |||||||||||
008 240404s2016 mx o 000 0aspa d
035 |a (OCoLC)1430188901 
040 |a DGITA  |b eng  |e rda  |e pn  |c DGITA 
020 |a 9786077351474  |q eBook 
020 |z 9788449412233 
041 1 |a spa  |h fre 
050 1 4 |a PQ2036 ebook 
082 0 4 |a 848.509  |2 23 
100 1 |a Rousseau, Jean-Jacques,  |d 1712-1778,  |e author. 
240 1 0 |a Confessions.  |l Spanish 
245 1 4 |a Las confesiones /  |c Rousseau ; estudio preliminar de Jorge Zalamea. 
250 |a Primera edición en libro electrónico. 
264 1 |a Ciudad de México :  |b Océano,  |c [2016] 
300 |a 1 online resource. 
336 |a text  |b txt  |2 rdacontent 
337 |a computer  |b c  |2 rdamedia 
338 |a online resource  |b cr  |2 rdacarrier 
347 |a text file  |2 rdaft 
347 |b EPUB 
588 0 |a Online resource; title from ePub title page (Digitalia, viewed April 4, 2024) 
600 1 0 |a Rousseau, Jean-Jacques,  |d 1712-1778. 
650 0 |a Authors, French  |y 18th century  |v Biography. 
700 1 |a Zalamea, Jorge, 1905-1969,  |e contributor agent of text. 
700 1 |i Translation of:  |a Rousseau, Jean-Jacques,  |d 1712-1778.  |t Confessions. 
791 2 |a Digitalia (Firm),  |e distributor. 
793 0 |g Digitalia eBook Collection:  |a Editorial Océano 
776 0 8 |i Print version:  |a Rousseau, Jean-Jacques, 1712-1778.  |s Confessions. Spanish.  |t Confesiones.  |b Primera edición.  |d Barcelona : Océano, [1998]  |z 9788449412233 
856 4 0 |3 Digitalia Hispánica  |u https://www.digitaliapublishing.com/a/85213/ 
910 |a Premium collection: 2024